000 00631nam a22002297a 4500
003 UA-OsUOA
001 93020
007 ta
008 20130110b un ||||| |||| 00| 0 ukr d
100 _aБедный Б.
090 _a821.161.1
_bБ38
942 _cBK
040 _aUA-OsUOA
_brus
_cUA-OsUOA
_dUA-OsUOA
245 _aБольшой поток
_bповесть, рассказы
300 _a340 с.
955 _a3
041 _arus
080 _a821.161.1
260 _aМ.
_bСоветский писатель
_c1952
650 7 _a82 Література. Літературознавство
_2UDC
999 _c378976
_d378976